Relatos / (Registro nro. 32552)
[ vista simple ]
| 000 -CABECERA | |
|---|---|
| campo fijo de control de longitud | 00769nam a2200241 4500 |
| 001 - NÚMERO DE CONTROL | |
| campo de control | 32552 |
| 003 - IDENTIFICADOR DEL NÚMERO DE CONTROL | |
| campo de control | AR-RoBPED |
| 005 - FECHA Y HORADE LA ULTIMA TRANSACCION | |
| campo de control | 20260413095339.0 |
| 008 - ELEMENTOS DE LONGITUD FIJA--INFORMACION GENERAL | |
| campo fijo de control de longitud | 260410s1970 es |||er ||| 001 1 spa d |
| 040 ## - FUENTE CATALOGADORA | |
| Centro catalogador/agencia de origen | AR-RoBPED |
| 041 ## - IDIOMA | |
| Código de idioma para texto/pista de sonido o título independiente | spa |
| 100 1# - ENCABEZAMIENTO PRINCIPAL--AUTOR PERSONAL | |
| Nombre de persona | Stendhal, seud. |
| Fechas nac-muerte | 1783-1842 |
| 9 (RLIN) | 6770 |
| 245 1# - TITULO | |
| Título | Relatos / |
| Mención de responsabilidad | Stendhal; selecció, traducción y prólogo de Consuelo Berges |
| 260 ## - PUBLICACION | |
| Lugar | España: |
| Editor | Salvat, |
| Fecha | 1970. |
| 300 ## - DESCRIPCION FISICA | |
| Extensión | 159 p. |
| 490 0# - SERIE | |
| Mención de serie | (Biblioteca Básica Salvat; |
| Designación de volumen o secuencia | N° 26) |
| 650 #4 - TERMINO DE MATERIA--CONTROLADO | |
| Término controlado | LITERATURA FRANCESA |
| 9 (RLIN) | 393 |
| Término controlado | RELATOS |
| 9 (RLIN) | 495 |
| Término controlado | CUENTOS |
| 9 (RLIN) | 291 |
| 700 ## - ENCABEZAMIENTO SECUNDARIO--AUTOR PERSONAL | |
| Nombre de persona | Berges, Consuelo |
| Fecha de nac-muerte | 1899-1988 |
| 9 (RLIN) | 30713 |
| Función | trad. , prolog. , selec. |
| 942 ## - ELEMENTOS KOHA | |
| Fuente de clasificación | Universal Decimal Classification |
| Número Koha | k. 32552 |
| Koha tipo de ítem | Libro |
| Clasificación | 840-3 |
| Signatura librística | S 79 |
| Inventario | inv. 42371 |
| 945 ## - PROCESAMIENTO DE LA INFORMACIÓN LOCAL | |
| Catalogador y fecha | mm 10/04/2026 - cd 13/04/2026 |
| Estado retirado | Estado perdido | Fuente de clasificación | Estado dañado | No se presta | Biblioteca propietaria | Biblioteca de reserva | Fecha de adquisición | Procedencia | Total de préstamos | Signatura topográfica completa | Código de barras (nº de inventario) | Fecha visto por última vez | Catalogador y fecha | Tipo de ítem Koha | Nota pública |
|---|---|---|---|---|---|---|---|---|---|---|---|---|---|---|---|
| Universal Decimal Classification | Biblioteca Pedagógica Eudoro Díaz | Biblioteca Pedagógica Eudoro Díaz | 07/04/2026 | Donación | 840-3 S 79 | 42371 | 10/04/2026 | mm 10/04/2026 | Libro | Se presta 15 días. |